Poesía (Registro nro. 76666)

Detalles MARC
000 -CABECERA
fixed length control field 00527nam a22001937a 4500
003 - IDENTIFICADOR DEL NUMERO DE CONTROL
control field bpm
005 - FECHA Y HORA DE LA ULTIMA TRANSACCION
control field 20260417104616.0
008 - ELEMENTOS DE LONGITUD FIJA -- INFORMACION GENERAL
fixed length control field 260417b |||||||| |||| 00| p spa d
024 ## - OTRO IDENTIFICADOR NORMALIZADO
Número o código normalizado S. C. C. / M. C. y E. M.:
040 ## - FUENTE DE CATALOGACION
Código de la agencia catalogadora original AR-CtUCP
041 ## - LANGUAGE CODE
Código de Idioma para texto o pista de sonido o título separado spa
080 ## - CLASIFICACIÓN DECIMAL UNIVERSAL
Clasificación Decimal Universal CDU
110 ## - ASIENTO PRINCIPAL--NOMBRE CORPORATIVO
Entidad o lugar Subsecretaría de cultura de la provincia de Corrientes
245 ## - MENCION DE TITULO
Ti­tulo Poesía
260 ## - PUBLICACION, DISTRIBUCION, ETC. (PIE DE IMPRENTA)
Lugar Corrientes
Editor Subsecretaría de cultura de la provincia de Corrientes
Fecha 2004
650 ## - SASIENTO SECUNDARIO DE MATERIA - TERMINO TEMATICO
Término controlado Literatura - Poesía
942 ## - TIPO DE MATERIAL
Tipo de I­tem LIBRO
Existencias
Estado Perdido Estado de Daño Ubicacion Permanente Ubicacion Actual Sala Fecha de Adquisicion Signatura Topografica Completa Numero de Inventario Date last seen Tipo de Ejemplar
    Biblioteca Regional de Poesía Biblioteca Regional de Poesía Biblioteca 17/04/2026 82 SUB p P 121 17/04/2026 LIBRO
    Biblioteca Regional de Poesía Biblioteca Regional de Poesía Biblioteca 17/04/2026 82 SUB p Ej. 2 P 122 17/04/2026 LIBRO
    Biblioteca Regional de Poesía Biblioteca Regional de Poesía Biblioteca 17/04/2026 82 SUB p Ej. 3 P 123 17/04/2026 LIBRO
    Biblioteca Regional de Poesía Biblioteca Regional de Poesía Biblioteca 17/04/2026 82 SUB p Ej. 4 P 124 17/04/2026 LIBRO
    Biblioteca Regional de Poesía Biblioteca Regional de Poesía Biblioteca 17/04/2026 82 SUB p Ej. 5 P 125 17/04/2026 LIBRO
    Biblioteca Regional de Poesía Biblioteca Regional de Poesía Biblioteca 17/04/2026 82 SUB p Ej. 6 P 126 17/04/2026 LIBRO
    Biblioteca Regional de Poesía Biblioteca Regional de Poesía Biblioteca 17/04/2026 82 SUB p Ej. 7 P 127 17/04/2026 LIBRO
    Biblioteca Regional de Poesía Biblioteca Regional de Poesía Biblioteca 17/04/2026 82 SUB p Ej. 8 P 128 17/04/2026 LIBRO
    Biblioteca Regional de Poesía Biblioteca Regional de Poesía Biblioteca 17/04/2026 82 SUB p Ej. 9 P 129 17/04/2026 LIBRO
    Biblioteca Regional de Poesía Biblioteca Regional de Poesía Biblioteca 17/04/2026 82 SUB p Ej. 10 P 130 17/04/2026 LIBRO